000
00310nam a2200097Ia 4500
008
160725s9999 xx 000 0 und d
100
_a
Tomas, Grace Fe C., RN.
245
_a
Reflective paper on philosophy of education.
260
_b
Kaizen Research Journal College of Nursing
_c
September 2012
650
_a
NURSING
999
_c
298018
_d
298018